Árboles del Trópico Húmedo: importancia socioeconómica (Registro nro. 3397)
[ vista simple ]
| 000 -Cabecera | |
|---|---|
| Campo de control de longitud fija | 00683aam a2200253 4500 |
| 005 - Fecha y hora de la última transacción | |
| Campo de control | 20240712180225.0 |
| 008 - Elementos de longitud fija--Información general | |
| Campo de control de longitud fija | 150226b2003 cr ||||| |||| 00| 0 spa d |
| 020 ## - International Standard Book Number | |
| Número Internacional Estándar del Libro (ISBN) | 9977661383 |
| 041 ## - Idioma | |
| Código de idioma | Español |
| 082 ## - Clasificación Decimal Dewey | |
| Número de clasificación | 582.16 F634a |
| 100 ## - Entrada principal--Autor personal | |
| Nombre personal | Flores Vindas, Eugenia |
| 9 (RLIN) | 28809 |
| 100 ## - Entrada principal--Autor personal | |
| Nombre personal | Obando Vargas, Germán |
| 9 (RLIN) | 28810 |
| 245 ## - Título propiamente dicho | |
| Título | Árboles del Trópico Húmedo: importancia socioeconómica |
| 260 ## - Pie de imprenta | |
| Lugar de publicación, distribución, etc. | Costa Rica |
| 260 ## - Pie de imprenta | |
| Nombre del editor, distribuidor, etc. | Editorial Tecnológica de Costa Rica |
| 260 ## - Pie de imprenta | |
| Fecha de publicación, distribución, etc. | 2003 |
| 300 ## - Descripción física | |
| Extensión | 922 páginas |
| 505 ## - Nota de contenido | |
| Nota de contenido | Incluye ilustraciones |
| 650 ## - Materia general | |
| Temática (materia general) | ÁRBOLES |
| 650 ## - Materia general | |
| Temática (materia general) | TRÓPICO HUMEDO |
| 650 ## - Materia general | |
| Temática (materia general) | ESPECIES DE ÁRBOLES |
| 942 ## - Punto de acceso adicional KOHA | |
| Tipo de ítem KOHA | Libro |
| Fuente del sistema de clasificación o colocación | Dewey Decimal Classification |
| Signatura completa | Código de barras | Programa Académico | Tipo de ítem |
|---|---|---|---|
| 582.16 F634a | 18533 | Turismo | Libro |
| 582.16 F634a | 12470 | Turismo | Libro |
| 582.16 F634a | 15159 | Turismo | Libro |